Superdrago 4 curso de español para niños

Salvato in:
Dettagli Bibliografici
Autore principale: Caparrós, Carolina
Altri autori: Burnham, Charlie
Natura: Libro
Lingua:spagnolo
Pubblicazione: Madrid SGEL - Educación 2012
Edizione:primera edición
Soggetti:
Tags: Aggiungi Tag
Nessun Tag, puoi essere il primo ad aggiungerne!!

MARC

LEADER 00000nam a2200000 4500
001 0295190
005 20240416113609.6
020 |a 978-84-9778-662-1 
020 |a 978-84-9778-739-0 
041 0 |a spa 
044 |a ES 
245 1 0 |a Superdrago 4  |b curso de español para niños  |c Carolina Caparrós, Charlie Burnham 
250 |a primera edición 
264 1 |a Madrid  |b SGEL - Educación  |c 2012 
300 |a 99 s. 
610 2 0 |a jazyky cudzie 
610 2 0 |a španielčina 
610 2 0 |a terminológia 
610 2 0 |a zásoba slovná 
610 2 0 |a gramatika 
610 2 0 |a konverzácia 
610 2 0 |a výslovnosť 
610 2 0 |a vyučovanie 
100 1 |a Caparrós, Carolina 
700 1 |a Burnham, Charlie